[Event "Open Letni Praha 2017 - A"]
[Site "?"]
[Date "2017.08.05"]
[Round "2"]
[White "Plischki, Sebastian"]
[Black "Hiller, Simon"]
[Result "1-0"]
[WhiteElo "2383"]
[BlackElo "2164"]
[PlyCount "109"]
[EventDate "2017.??.??"]
[WhiteClock "0:53:53"]
[BlackClock "0:07:32"]

1. Nf3 d5 2. c4 c6 3. d4 Nf6 4. Nc3 dxc4 5. a4 Bf5 6. Ne5 Nbd7 7. Nxc4 Qc7 8.
g3 e5 9. dxe5 Nxe5 10. Bf4 Nfd7 11. Bg2 g5 12. Ne3 gxf4 13. Nxf5 O-O-O 14. Qc2
Nc5 15. O-O fxg3 16. hxg3 a5 17. Rfd1 Rxd1+ 18. Rxd1 h5 19. e3 Kb8 20. Ne4 Nxe4
21. Bxe4 Bb4 22. Kg2 Ng6 23. Rh1 Qe5 24. Bf3 h4 25. Nxh4 Nxh4+ 26. Rxh4 Rd8 27.
Re4 Qc5 28. Qxc5 Bxc5 29. Bh5 f6 30. Re8 Kc7 31. Rxd8 Kxd8 32. Be2 Kd7 33. Kf3
Be7 34. Ke4 Ke6 35. Bc4+ Kd6 36. Kf5 Kc5 37. Bf7 Kd6 38. g4 b5 39. b3 bxa4 40.
bxa4 Bd8 41. f4 Ke7 42. Bc4 Kf8 43. e4 Kg7 44. e5 fxe5 45. Kxe5 Kg6 46. Bd3+
Kg7 47. g5 Bc7+ 48. Kf5 Bd6 49. Kg4 Be7 50. f5 Bd8 51. f6+ Bxf6 52. gxf6+ Kxf6
53. Kf4 Ke6 54. Ke4 Kd6 55. Kd4 1-0

[Event "Open Letni Praha 2017 - A"]
[Site "?"]
[Date "2017.08.05"]
[Round "2"]
[White "Pranav, Anand"]
[Black "Saiyn, Zhanat"]
[Result "1/2-1/2"]
[WhiteElo "2155"]
[BlackElo "2381"]
[PlyCount "58"]
[EventDate "2017.??.??"]
[WhiteClock "0:13:38"]
[BlackClock "0:14:15"]

1. d4 d6 2. e4 g6 3. c4 Bg7 4. Nc3 e5 5. Nf3 exd4 6. Nxd4 Ne7 7. Be2 Nbc6 8.
Nxc6 Nxc6 9. Be3 Be6 10. Qd2 Ne5 11. b3 Ng4 12. Bg5 Bf6 13. Bxf6 Nxf6 14. O-O
O-O 15. Rad1 Re8 16. Bd3 Bd7 17. Bc2 a6 18. Rfe1 Bc6 19. a4 a5 20. f4 Nd7 21.
Nd5 Nc5 22. Qd4 Bxd5 23. Qxd5 b6 24. Qc6 Qc8 25. g3 Rb8 26. Qd5 Qe6 27. Qd4
Rbd8 28. Kg2 Nd7 29. h3 Qf6 1/2-1/2

[Event "Open Letni Praha 2017 - A"]
[Site "?"]
[Date "2017.08.05"]
[Round "2"]
[White "Zlatin, Alex"]
[Black "Hoefelsauer, Thomas"]
[Result "1/2-1/2"]
[WhiteElo "2149"]
[BlackElo "2357"]
[PlyCount "86"]
[EventDate "2017.??.??"]
[WhiteClock "0:40:29"]
[BlackClock "0:09:48"]

1. e4 c6 2. d4 d5 3. Nc3 dxe4 4. Nxe4 Bf5 5. Nc5 Nd7 6. Nd3 Ngf6 7. Nf3 e6 8.
g3 c5 9. Bg2 Be4 10. O-O cxd4 11. Nxd4 Bxg2 12. Kxg2 Be7 13. Re1 O-O 14. c3 Nd5
15. Nf4 N7b6 16. Qb3 Bf6 17. Nxd5 Nxd5 18. Nf3 Qe7 19. Be3 Nxe3+ 20. Rxe3 Rfd8
21. Rd1 Rxd1 22. Qxd1 Rd8 23. Rd3 a6 24. Rxd8+ Qxd8 25. Qxd8+ Bxd8 26. Nd2 f5
27. f4 g5 28. Nb3 gxf4 29. gxf4 Bb6 30. Kf3 Kf7 31. Nd2 Ke7 32. Nc4 Bc7 33. b3
Kd7 34. h3 Kc6 35. Ke3 Kd5 36. Nb2 Bb6+ 37. Kd3 e5 38. fxe5 Bc7 39. Ke3 Kxe5
40. Nd3+ Kf6 41. Kf3 Bd6 42. c4 Kg5 43. b4 Kf6 1/2-1/2

[Event "Open Letni Praha 2017 - A"]
[Site "?"]
[Date "2017.08.05"]
[Round "2"]
[White "Aliyev, Ravan"]
[Black "Fogel, Pierre"]
[Result "1-0"]
[WhiteElo "2346"]
[BlackElo "2106"]
[PlyCount "175"]
[EventDate "2017.??.??"]
[WhiteClock "0:03:19"]
[BlackClock "0:01:11"]

1. d4 d5 2. c4 e6 3. Nc3 Be7 4. Nf3 Nf6 5. Bg5 h6 6. Bh4 O-O 7. cxd5 Nxd5 8.
Bxe7 Qxe7 9. Qb3 c5 10. e3 Nxc3 11. bxc3 b6 12. Be2 cxd4 13. cxd4 Bb7 14. O-O
Nc6 15. Rfc1 e5 16. d5 Na5 17. Qb5 e4 18. Nd4 Qe5 19. Nc6 Bxc6 20. dxc6 Qxb5
21. Bxb5 a6 22. Bc4 Rfd8 23. c7 Rdc8 24. Bd5 Ra7 25. Bxe4 Raxc7 26. Rxc7 Rxc7
27. Rd1 g6 28. h4 Nb7 29. Bf3 h5 30. g3 Kg7 31. Kg2 Kf6 32. a4 b5 33. axb5 axb5
34. Rd5 Nc5 35. Rd6+ Ke7 36. Rb6 Nd3 37. Be4 Nc5 38. Rxb5 Nxe4 39. Re5+ Kf6 40.
Rxe4 Rb7 41. Ra4 Rc7 42. Kf3 Rc2 43. Ra5 Rb2 44. e4 Rc2 45. Ke3 Rb2 46. Ra6+
Ke7 47. Ra4 Kf6 48. f3 Rg2 49. Kf4 Rf2 50. Ra7 Rf1 51. e5+ Ke6 52. Ra6+ Ke7 53.
Ra3 Ke6 54. Ra2 Rg1 55. Ra6+ Ke7 56. Ra7+ Ke6 57. Ra8 Ke7 58. Ra6 Rg2 59. Ra3
Ke6 60. Re3 Rg1 61. Rb3 Rg2 62. Rb1 Ke7 63. g4 hxg4 64. fxg4 Rh2 65. Kg5 Ke6
66. Rb6+ Ke7 67. Rb7+ Ke6 68. Rb6+ Ke7 69. Rb1 Ke6 70. Rg1 Kxe5 71. h5 gxh5 72.
gxh5 f5 73. Re1+ Kd4 74. Rf1 Ke5 75. Rxf5+ Ke6 76. Rf4 Rg2+ 77. Kh6 Ke7 78. Kh7
Rg3 79. h6 Ke8 80. Rf6 Ke7 81. Rg6 Rf3 82. Kg7 Rf7+ 83. Kh8 Rf8+ 84. Rg8 Rf5
85. Kg7 Rg5+ 86. Kh7 Rf5 87. Kg6 Rf6+ 88. Kg5 1-0

[Event "Open Letni Praha 2017 - A"]
[Site "?"]
[Date "2017.08.05"]
[Round "2"]
[White "Lushnikov, Evgeny"]
[Black "Chkhaidze, Nikoloz"]
[Result "0-1"]
[WhiteElo "2121"]
[BlackElo "2341"]
[PlyCount "78"]
[EventDate "2017.??.??"]
[WhiteClock "0:26:48"]
[BlackClock "0:12:46"]

1. e4 e5 2. Nf3 Nc6 3. Nc3 Nf6 4. d4 exd4 5. Nxd4 Bb4 6. Nxc6 bxc6 7. Bd3 d5 8.
exd5 cxd5 9. O-O O-O 10. Bg5 c6 11. Qf3 Bd6 12. h3 Rb8 13. Na4 Re8 14. c4 Be6
15. c5 Be7 16. a3 Nd7 17. Bf4 Ra8 18. b4 Bf6 19. Rac1 Nf8 20. Rfe1 Bd7 21. Rxe8
Qxe8 22. Bd6 Qe6 23. Kf1 Re8 24. g4 Bg5 25. Rd1 Ng6 26. Nc3 Ne5 27. Bxe5 Qxe5
28. Kg2 g6 29. Ne2 Qb2 30. Rb1 Qxa3 31. Ng3 Qc3 32. h4 Bxh4 33. Rh1 Bxg3 34.
Kxg3 Qxb4 35. Rxh7 Qxg4+ 36. Qxg4 Bxg4 37. Rh4 Be2 38. Bxe2 Rxe2 39. Ra4 Rc2
0-1

[Event "Open Letni Praha 2017 - A"]
[Site "?"]
[Date "2017.08.05"]
[Round "2"]
[White "Krivanek, Vladimir"]
[Black "Petran, Peter"]
[Result "0-1"]
[WhiteElo "2107"]
[BlackElo "2308"]
[PlyCount "100"]
[EventDate "2017.??.??"]
[WhiteClock "0:31:32"]
[BlackClock "0:22:43"]

1. e4 g6 2. Nc3 Bg7 3. Bc4 c6 4. Nf3 b5 5. Bb3 b4 6. Ne2 d5 7. exd5 cxd5 8. O-O
Nf6 9. a3 bxa3 10. Rxa3 O-O 11. d4 Bg4 12. Ba2 Nc6 13. h3 Bxf3 14. Rxf3 Ne4 15.
Ra3 e6 16. c3 a5 17. Nf4 Re8 18. Ra4 Nd6 19. Re1 Nc8 20. Bb3 Nb6 21. Ra1 Re7
22. Nd3 Rea7 23. Bc2 Bf8 24. Qg4 Nd7 25. Bg5 Be7 26. Rxe6 fxe6 27. Qxe6+ Kg7
28. Bxe7 Nxe7 29. Re1 Nf8 30. Qe5+ Kg8 31. Bb3 Rb8 32. Ba2 Rb6 33. Nf4 Rd7 34.
Re2 Rbd6 35. Qe3 Nf5 36. Qf3 Kh8 37. g4 Ng7 38. Re5 g5 39. Nd3 Ng6 40. Re1 Rf6
41. Qe3 Re6 42. Ne5 Nxe5 43. dxe5 Re8 44. Qd3 Ne6 45. Kh2 Qb6 46. Qd2 Rf8 47.
Kg3 Rdf7 48. Bxd5 Rxf2 49. Qe3 Qxb2 50. Bxe6 Rg2# 0-1

[Event "Open Letni Praha 2017 - A"]
[Site "?"]
[Date "2017.08.05"]
[Round "2"]
[White "Certek, Pavel"]
[Black "Domanski, Lukasz"]
[Result "1-0"]
[WhiteElo "2287"]
[BlackElo "2102"]
[PlyCount "57"]
[EventDate "2017.??.??"]
[WhiteClock "0:37:24"]
[BlackClock "0:15:43"]

1. d4 Nf6 2. c4 d6 3. Nc3 g6 4. g3 Bg7 5. Bg2 O-O 6. Nf3 Nbd7 7. O-O e5 8. h3
exd4 9. Nxd4 Re8 10. e4 a6 11. Nc2 Rb8 12. Re1 b5 13. cxb5 axb5 14. a3 Ne5 15.
Rb1 c5 16. f4 Nc4 17. b3 Na5 18. b4 Nc4 19. bxc5 Qa5 20. Rb3 dxc5 21. e5 Nd7
22. Ne4 Rd8 23. Rd3 Re8 24. Ne3 Ncb6 25. Nd6 Rd8 26. Re2 c4 27. Rd4 Ba6 28. Nd5
Kf8 29. Nb4 1-0

[Event "Open Letni Praha 2017 - A"]
[Site "?"]
[Date "2017.08.05"]
[Round "2"]
[White "Slovak, Kilian"]
[Black "Mammadova, Narmin"]
[Result "1/2-1/2"]
[WhiteElo "2101"]
[BlackElo "2277"]
[PlyCount "65"]
[EventDate "2017.??.??"]
[WhiteClock "0:06:18"]
[BlackClock "0:00:55"]

1. e4 c6 2. d4 d5 3. e5 Bf5 4. Nf3 e6 5. Be2 h6 6. O-O Nd7 7. c4 Ne7 8. Nc3 a6
9. c5 Bh7 10. b4 Nf5 11. a4 Be7 12. Bb2 O-O 13. b5 Bg6 14. bxc6 bxc6 15. a5 Bh5
16. Na4 f6 17. exf6 Bxf6 18. Nb6 Ra7 19. Nxd7 Rxd7 20. Bc3 Bxf3 21. Bxf3 Qc7
22. Re1 Re7 23. Bg4 Rb8 24. g3 g6 25. Qd3 Rb3 26. Rab1 Rb5 27. Qd2 Kg7 28. Be2
h5 29. Bxb5 cxb5 30. Re2 Kf7 31. Rbe1 Qb8 32. Rb1 Qc7 33. Qd3 1/2-1/2

[Event "Open Letni Praha 2017 - A"]
[Site "?"]
[Date "2017.08.05"]
[Round "2"]
[White "Simecek, Bohumil"]
[Black "Schmitz, Thorsten"]
[Result "1/2-1/2"]
[WhiteElo "2086"]
[BlackElo "2273"]
[PlyCount "33"]
[EventDate "2017.??.??"]
[WhiteClock "0:42:04"]
[BlackClock "1:04:15"]

1. d4 Nf6 2. c4 e6 3. Nc3 Bb4 4. Qc2 O-O 5. Bg5 c5 6. dxc5 Qa5 7. Bd2 Qxc5 8.
e3 Qc7 9. Nb5 Bxd2+ 10. Qxd2 Qd8 11. Nd6 Ne8 12. Nf3 Nxd6 13. Qxd6 Qa5+ 14. Nd2
Na6 15. Be2 Qb4 16. Qxb4 Nxb4 17. O-O 1/2-1/2

[Event "Open Letni Praha 2017 - A"]
[Site "?"]
[Date "2017.08.05"]
[Round "2"]
[White "Nitish, Belurkar"]
[Black "Van Vliet, Dennis"]
[Result "1-0"]
[WhiteElo "2269"]
[BlackElo "2085"]
[PlyCount "79"]
[EventDate "2017.??.??"]
[WhiteClock "0:22:13"]
[BlackClock "0:07:36"]

1. e4 e6 2. Nf3 d5 3. e5 c5 4. b4 d4 5. bxc5 Bxc5 6. Bd3 Ne7 7. O-O Nbc6 8. Ba3
Qa5 9. Bb2 Ng6 10. Bxg6 hxg6 11. d3 Qc7 12. Re1 Bd7 13. Nbd2 Bb4 14. Nxd4 Nxe5
15. Nxe6 Bxe6 16. Bxe5 Bd6 17. Bxd6 Qxd6 18. Nf1 Rc8 19. Rb1 Rc7 20. c4 Rh4 21.
Qa4+ Ke7 22. Qxa7 b5 23. Qe3 Rd4 24. cxb5 Rxd3 25. Qg5+ Kf8 26. a4 Rc5 27. Qh4
Kg8 28. b6 Qb8 29. Qe7 Ra5 30. Qc7 Rd8 31. Rb4 Kf8 32. Qc3 Qb7 33. Rf4 Rf5 34.
Rxf5 gxf5 35. a5 Qa6 36. Rb1 Rc8 37. Qb4+ Kg8 38. b7 Rb8 39. Qb6 Qd3 40. a6 1-0

[Event "Open Letni Praha 2017 - A"]
[Site "?"]
[Date "2017.08.05"]
[Round "2"]
[White "Cristofari, Antoine"]
[Black "Matras, Ondrej"]
[Result "0-1"]
[WhiteElo "2085"]
[BlackElo "2264"]
[PlyCount "72"]
[EventDate "2017.??.??"]
[WhiteClock "0:01:51"]
[BlackClock "0:02:16"]

1. e4 e6 2. d4 d5 3. Nc3 Bb4 4. Nge2 dxe4 5. a3 Be7 6. g4 Bd7 7. Bg2 Bc6 8. Ng3
Qd7 9. O-O h6 10. Ncxe4 Nf6 11. c3 Nxe4 12. Nxe4 Na6 13. Be3 O-O-O 14. c4 g6
15. b4 f5 16. b5 Bxe4 17. Bxe4 fxe4 18. bxa6 bxa6 19. Qb3 e5 20. dxe5 Qxg4+ 21.
Kh1 Qf3+ 22. Kg1 Rd3 23. Qa4 Bg5 24. Rad1 Bxe3 25. Qxa6+ Kb8 26. Rxd3 exd3 27.
fxe3 Qxe3+ 28. Kh1 Qe4+ 29. Kg1 d2 30. Qb5+ Ka8 31. Rb1 Qg4+ 32. Kf2 Rf8+ 33.
Ke3 Rf3+ 34. Ke2 Qg2+ 35. Kd1 Rf1+ 36. Kc2 d1=Q+ 0-1

[Event "Open Letni Praha 2017 - A"]
[Site "Praha"]
[Date "2017.08.05"]
[Round "2"]
[White "Haag, Martin"]
[Black "Zoldan, Matteo"]
[Result "1/2-1/2"]
[WhiteElo "2263"]
[BlackElo "2082"]
[PlyCount "58"]
[EventDate "2017.08.04"]

1. c4 g6 2. e4 Bg7 3. d4 d6 4. Nc3 Nf6 5. f4 O-O 6. Nf3 c5 7. d5 e6 8. Be2 exd5
9. cxd5 Bg4 10. O-O Nbd7 11. h3 Bxf3 12. Bxf3 a6 13. a4 Qc7 14. Kh1 c4 15. Be3
Rfe8 16. Bd4 Nc5 17. e5 dxe5 18. fxe5 Rxe5 19. Bxe5 Qxe5 20. Qe1 Qd6 21. Qh4
Nb3 22. Rad1 Na5 23. Rfe1 h6 24. Re2 Rd8 25. Ne4 Nxe4 26. Qxe4 b5 27. axb5 axb5
28. Qe3 Nb3 29. Qe7 Bf6 1/2-1/2

[Event "Open Letni Praha 2017 - A"]
[Site "Praha"]
[Date "2017.08.05"]
[Round "2"]
[White "Zanikov, Konstantin"]
[Black "Pauly, Carlo"]
[Result "1/2-1/2"]
[WhiteElo "2083"]
[BlackElo "2261"]
[PlyCount "106"]
[EventDate "2017.08.04"]

1. e4 c5 2. Nf3 d6 3. Bb5+ Nd7 4. d4 cxd4 5. Qxd4 Ngf6 6. c4 e5 7. Qd3 a6 8.
Bxd7+ Bxd7 9. Bg5 Qb6 10. Nc3 Qxb2 11. O-O Qa3 12. Rab1 Bc6 13. Rb3 Qa5 14.
Bxf6 gxf6 15. Nh4 O-O-O 16. Nf5 Rg8 17. Rfb1 Rd7 18. Ne3 Be7 19. Ncd5 Bd8 20.
Ra3 Qc5 21. Qb3 a5 22. Qb2 Rg6 23. Rd3 a4 24. Rbd1 Ba5 25. h4 Bd8 26. h5 Rg5
27. Qe2 Kb8 28. Qf3 Ka7 29. Nxf6 Bxf6 30. Qxf6 Rxh5 31. f3 h6 32. g4 Rg5 33.
Qxh6 Rg6 34. Qh4 b5 35. Qf2 Rb7 36. cxb5 Rxb5 37. Nc4 Bxe4 38. Rxd6 Bxf3 39.
Rd7+ Bb7 40. Qxc5+ Rxc5 41. Nd6 Rxg4+ 42. Kf1 Rf4+ 43. Ke1 Rb4 44. Rxf7 Rc3 45.
Rd5 Ka6 46. Rxb7 Rxb7 47. Nxb7 Kxb7 48. Rxe5 Rc1+ 49. Kd2 Ra1 50. Rb5+ Kc6 51.
Rb2 Kc5 52. Kc3 Rc1+ 53. Rc2 Rxc2+ 1/2-1/2

[Event "Open Letni Praha 2017 - A"]
[Site "Praha"]
[Date "2017.08.05"]
[Round "2"]
[White "Mikes, Jan"]
[Black "Davies, Peter"]
[Result "1/2-1/2"]
[WhiteElo "2253"]
[BlackElo "1966"]
[PlyCount "79"]
[EventDate "2017.08.04"]

1. e4 c5 2. Nf3 g6 3. d4 cxd4 4. Nxd4 Bg7 5. Nc3 Nc6 6. Be3 Nf6 7. Bc4 O-O 8.
Bb3 d6 9. h3 Nxd4 10. Bxd4 Be6 11. O-O Bxb3 12. axb3 a6 13. f4 Rc8 14. Qf3 Qc7
15. Rf2 e6 16. Rd1 b5 17. Rfd2 d5 18. exd5 Nxd5 19. Bxg7 Kxg7 20. Nxd5 exd5 21.
c3 b4 22. cxb4 Qb6+ 23. Kh1 Qxb4 24. Rd4 Qe7 25. Rxd5 Rfd8 26. Rxd8 Rxd8 27.
Rxd8 Qxd8 28. Qc3+ Kg8 29. Kh2 Qd6 30. g3 Qd5 31. Kg1 Qd1+ 32. Kf2 h6 33. b4
Kh7 34. h4 h5 35. Ke3 f5 36. Qd2 Qg1+ 37. Qf2 Qd1 38. Qd2 Qg1+ 39. Kf3 Qh1+ 40.
Ke3 1/2-1/2

[Event "Open Letni Praha 2017 - A"]
[Site "Praha"]
[Date "2017.08.05"]
[Round "2"]
[White "Mustafayev, Farid"]
[Black "Slampa, Jan"]
[Result "1-0"]
[WhiteElo "2076"]
[BlackElo "2252"]
[PlyCount "77"]
[EventDate "2017.08.04"]

1. e4 e5 2. Nf3 Nc6 3. Nc3 Bc5 4. Be2 d6 5. d3 Nge7 6. O-O O-O 7. Na4 Bb6 8.
Nxb6 axb6 9. d4 f5 10. dxe5 fxe4 11. exd6 cxd6 12. Nd4 Ng6 13. Be3 Nf4 14. Bxf4
Rxf4 15. Qd2 Qg5 16. Bc4+ d5 17. Ne2 Rf5 18. Qxg5 Rxg5 19. Bb3 Bg4 20. Nc3 Rd8
21. Nxe4 Re5 22. Nc3 Nd4 23. Rfe1 Rxe1+ 24. Rxe1 Nxb3 25. axb3 Bf5 26. Re2 d4
27. Nd1 Ra8 28. Rd2 Ra1 29. Kf1 d3 30. c4 Kf7 31. f3 h5 32. Kf2 Ke6 33. Ke3 Ke5
34. f4+ Kd6 35. Kd4 Rc1 36. Ne3 Rc2 37. Nxf5+ Ke6 38. Nxg7+ Kf7 39. Kxd3 1-0

[Event "Open Letni Praha 2017 - A"]
[Site "Praha"]
[Date "2017.08.05"]
[Round "2"]
[White "Lamorelle, Julien"]
[Black "Baysarsaikhan, Yanjinlkham"]
[Result "1-0"]
[WhiteElo "2358"]
[BlackElo "1988"]
[PlyCount "76"]
[EventDate "2017.08.04"]

1. e4 c5 2. Nf3 d6 3. d4 cxd4 4. Qxd4 Nf6 5. e5 dxe5 6. Qxd8+ Kxd8 7. Nxe5 Ke8
8. Nc3 a6 9. Bg5 e6 10. O-O-O h6 11. Bxf6 gxf6 12. Rd8+ Kxd8 13. Nxf7+ Ke8 14.
Nxh8 Nd7 15. Be2 Bb4 16. Bh5+ Kd8 17. Nf7+ Kc7 18. Nxh6 f5 19. Nf7 Bc5 20. Nd1
Nf6 21. Bf3 Bd7 22. Re1 Re8 23. h4 Ng4 24. Bxg4 fxg4 25. Ne5 Bc6 26. Nxc6 Kxc6
27. Re4 Kd5 28. Rxg4 Rf8 29. f3 Kd6 30. Kd2 b5 31. Nc3 Bb6 32. Ne4+ Ke5 33.
Rg5+ Rf5 34. g4 Rxg5 35. hxg5 Kf4 36. Kd3 Bc7 37. g6 Be5 38. Nc5 Kg5 1-0

[Event "Open Letni Praha 2017 - A"]
[Site "Praha"]
[Date "2017.08.05"]
[Round "2"]
[White "Mukashev, Assan"]
[Black "Vinay, Kurth Koti"]
[Result "1-0"]
[WhiteElo "2199"]
[BlackElo "1881"]
[PlyCount "55"]
[EventDate "2017.08.04"]

1. d4 Nf6 2. Nf3 e6 3. a3 d5 4. c4 Be7 5. Qc2 c6 6. Nbd2 Nbd7 7. e4 dxe4 8.
Nxe4 c5 9. Nxc5 Nxc5 10. dxc5 Bxc5 11. Bd3 O-O 12. O-O h6 13. b4 Be7 14. Bb2
Bd7 15. Rfd1 Qe8 16. Qc3 Rc8 17. Rac1 Ba4 18. Re1 Nh5 19. Bb1 Qd8 20. Ne5 Bg5
21. Qf3 Bxc1 22. Bxc1 Nf6 23. Qxb7 Qd4 24. Qf3 Rfd8 25. h3 Bd1 26. Qb7 Nd7 27.
Nc6 Nf6 28. Nxd4 1-0

[Event "Open Letni Praha 2017 - A"]
[Site "Praha"]
[Date "2017.08.05"]
[Round "2"]
[White "Yuan, Ye"]
[Black "Martirosyan, Ara"]
[Result "1-0"]
[WhiteElo "2197"]
[BlackElo "1901"]
[PlyCount "81"]
[EventDate "2017.08.04"]

1. d4 Nf6 2. c4 g6 3. Nc3 Bg7 4. g3 O-O 5. Bg2 d6 6. Nf3 c5 7. O-O Bg4 8. dxc5
dxc5 9. Ne5 Bc8 10. Qxd8 Rxd8 11. Nd3 Na6 12. Be3 Ng4 13. Bg5 Bxc3 14. bxc3 f6
15. Bc1 Kg7 16. h3 Nh6 17. Ba3 Nf7 18. Nxc5 Nxc5 19. Bxc5 Ne5 20. Bxe7 Re8 21.
Bc5 Nxc4 22. e3 Re5 23. Bd4 Ra5 24. f4 Rb8 25. g4 Kf7 26. Rf2 Be6 27. e4 b6 28.
Re1 Rd8 29. f5 gxf5 30. exf5 Bd5 31. Rfe2 Ne5 32. Bxe5 Bxg2 33. Bd4 Bxh3 34.
Re7+ Kg8 35. Bxf6 Rd2 36. Bd4 Rxd4 37. cxd4 Bxg4 38. f6 Rf5 39. Rg7+ Kf8 40.
Rxg4 Rxf6 41. Rf1 1-0

[Event "Open Letni Praha 2017 - A"]
[Site "Praha"]
[Date "2017.08.05"]
[Round "2"]
[White "Srimathi, R."]
[Black "Baasansuren, Erdene"]
[Result "0-1"]
[WhiteElo "1803"]
[BlackElo "2169"]
[PlyCount "120"]
[EventDate "2017.08.04"]

1. e4 c5 2. Nf3 d6 3. d4 cxd4 4. Nxd4 Nf6 5. Nc3 a6 6. Be2 e5 7. Nb3 Be7 8. Be3
O-O 9. O-O b5 10. a3 Bb7 11. Bf3 Nbd7 12. g3 Qc7 13. Qe2 Rfd8 14. Bg2 Rac8 15.
f4 Nb6 16. Na5 Ba8 17. Rad1 Nc4 18. Nxc4 Qxc4 19. Bb6 Qxe2 20. Nxe2 Re8 21. Nc3
Rc4 22. fxe5 dxe5 23. Rfe1 b4 24. axb4 Rxb4 25. Bc7 Bc5+ 26. Kh1 Ng4 27. Bd6
Nf2+ 28. Kg1 Nxd1+ 29. Bxc5 Rc4 30. Rxd1 Rxc5 31. Rd6 a5 32. Bf1 g6 33. Bb5 Rb8
34. Ba4 Rxb2 35. Rd8+ Kg7 36. Rxa8 Rxc3 37. Rxa5 Ra3 38. Rb5 Rxb5 39. Bxb5 f5
40. Bd3 Kf6 41. Kf2 f4 42. Kf3 g5 43. Kg4 Ra1 44. Kf3 h5 45. gxf4 exf4 46. Be2
Ke5 47. Bd3 g4+ 48. Kg2 f3+ 49. Kg3 Rg1+ 50. Kh4 f2 51. Kxh5 Kf4 52. c4 f1=Q
53. Bxf1 Rxf1 54. e5 Re1 55. c5 Rxe5+ 56. Kh4 Re8 57. Kh5 Rh8+ 58. Kg6 Rxh2 59.
c6 Rc2 60. c7 Rxc7 0-1

[Event "Open Letni Praha 2017 - A"]
[Site "Praha"]
[Date "2017.08.05"]
[Round "2"]
[White "Bjornsson, Tomas"]
[Black "Ingason, Sigurdur"]
[Result "1/2-1/2"]
[WhiteElo "2169"]
[BlackElo "1812"]
[PlyCount "75"]
[EventDate "2017.08.04"]

1. e4 e5 2. Nf3 Nf6 3. Nxe5 d6 4. Nf3 Nxe4 5. d3 Nf6 6. d4 Bf5 7. Bd3 Bg6 8.
O-O d5 9. Re1+ Be7 10. Bxg6 hxg6 11. Qe2 Nc6 12. Nc3 O-O 13. Bf4 Re8 14. Qd2
Bb4 15. Rxe8+ Nxe8 16. a3 Bxc3 17. Qxc3 Nd6 18. Ng5 Ne4 19. Nxe4 dxe4 20. Rd1
Qd7 21. Rd2 Rc8 22. d5 Ne7 23. Qd4 Qf5 24. Bg3 a6 25. Qa7 Qg5 26. Rd1 Qg4 27.
Re1 Nxd5 28. Qxb7 Qe6 29. c4 Nf6 30. b3 c5 31. Rd1 Rc6 32. Rd8+ Kh7 33. Qb8 g5
34. Rd6 Rxd6 35. Qxd6 Qxd6 36. Bxd6 Nd7 37. b4 cxb4 38. axb4 1/2-1/2

[Event "Open Letni Praha 2017 - A"]
[Site "Praha"]
[Date "2017.08.05"]
[Round "2"]
[White "Soural, Jan"]
[Black "Mar, Tomas"]
[Result "1-0"]
[WhiteElo "2163"]
[BlackElo "1728"]
[PlyCount "63"]
[EventDate "2017.08.04"]

1. d4 Nf6 2. Bf4 e6 3. e3 Bb4+ 4. c3 Be7 5. Bd3 b6 6. Nd2 Bb7 7. e4 O-O 8. Qf3
d6 9. Qh3 e5 10. dxe5 Bc8 11. exf6 Bxh3 12. fxe7 Qxe7 13. Nxh3 Nd7 14. O-O Nc5
15. Bc2 Ne6 16. Be3 Rfd8 17. Rae1 g5 18. f4 g4 19. Nf2 h5 20. Nd3 Kf8 21. f5
Nc5 22. Nf4 Ke8 23. Nd5 Qf8 24. Bxc5 dxc5 25. Ba4+ Rd7 26. Nf6+ Ke7 27. Nxd7
Qh6 28. f6+ Kd8 29. Ne5 Kc8 30. Ndc4 a6 31. Bc6 Ra7 32. Rd1 1-0

[Event "Open Letni Praha 2017 - A"]
[Site "Praha"]
[Date "2017.08.05"]
[Round "2"]
[White "Hlavina, Matous"]
[Black "Tatarintsev, Egor"]
[Result "0-1"]
[WhiteElo "1772"]
[BlackElo "2126"]
[PlyCount "70"]
[EventDate "2017.08.04"]

1. e4 c5 2. Nf3 e6 3. d4 cxd4 4. Nxd4 Nf6 5. Nc3 Nc6 6. a3 d5 7. exd5 Nxd5 8.
Nxd5 Qxd5 9. Be3 Bc5 10. Nxc6 Qxc6 11. Qh5 b6 12. a4 Bb4+ 13. Bd2 Bxd2+ 14.
Kxd2 Qd6+ 15. Bd3 Ba6 16. Rhd1 Bxd3 17. cxd3 O-O 18. Ke2 Rac8 19. Rd2 Rc5 20.
Qh4 Rfc8 21. Rad1 Qe5+ 22. Kf1 Rc1 23. d4 Qd5 24. Qg3 Qc4+ 25. Qd3 Rxd1+ 26.
Rxd1 Qxa4 27. Rd2 g6 28. Ke2 Qc6 29. g3 Qh1 30. h4 Rc1 31. Ke3 Re1+ 32. Kf4 Qd5
33. g4 h6 34. Rd1 e5+ 35. dxe5 Rxd1 0-1

[Event "Open Letni Praha 2017 - A"]
[Site "Praha"]
[Date "2017.08.05"]
[Round "2"]
[White "Balkova, Anna"]
[Black "Kaderabek, Jiri"]
[Result "1/2-1/2"]
[WhiteElo "1831"]
[BlackElo "2120"]
[PlyCount "42"]
[EventDate "2017.08.04"]

1. e4 d6 2. d4 Nf6 3. Nc3 g6 4. f4 Bg7 5. Nf3 O-O 6. Bd3 b6 7. e5 Ne8 8. Be4 c6
9. O-O d5 10. Bd3 Nc7 11. f5 c5 12. fxg6 fxg6 13. Nb5 Nba6 14. Nxc7 Nxc7 15. c3
Bg4 16. h3 Bf5 17. Be3 cxd4 18. cxd4 Qd7 19. Qc2 Rac8 20. Bxf5 gxf5 21. Qd2 Na6
1/2-1/2

[Event "Open Letni Praha 2017 - A"]
[Site "Praha"]
[Date "2017.08.05"]
[Round "2"]
[White "Fraczek, Dariusz"]
[Black "Hu, Zhiheng"]
[Result "1/2-1/2"]
[WhiteElo "2104"]
[BlackElo "1829"]
[PlyCount "69"]
[EventDate "2017.08.04"]

1. Nf3 d5 2. c4 c6 3. e3 Nf6 4. Nc3 e6 5. Qc2 Nbd7 6. b3 Bd6 7. Bb2 O-O 8. Rg1
e5 9. g4 e4 10. g5 Ng4 11. Rxg4 exf3 12. cxd5 Ne5 13. Rg1 Re8 14. O-O-O cxd5
15. h4 Be6 16. Kb1 a6 17. Rc1 Rc8 18. d4 Nc6 19. Qd1 Nb4 20. Qxf3 Qd7 21. a3
Bf5+ 22. Ka1 Nc2+ 23. Rxc2 Bxc2 24. Bh3 Qc6 25. Bxc8 Rxc8 26. Rc1 Bxb3 27. Nb5
Bc4 28. Na7 Qa4 29. Nxc8 Bxa3 30. Rxc4 dxc4 31. Qxb7 Bb4+ 32. Kb1 Qd1+ 33. Ka2
Qb3+ 34. Ka1 Qd1+ 35. Ka2 1/2-1/2

[Event "Open Letni Praha 2017 - A"]
[Site "Praha"]
[Date "2017.08.05"]
[Round "2"]
[White "Drahorad, Daniel"]
[Black "Kulkarni, Bhakti"]
[Result "0-1"]
[WhiteElo "1925"]
[BlackElo "2291"]
[PlyCount "148"]
[EventDate "2017.08.04"]

1. d4 Nf6 2. Bf4 d6 3. Nf3 Bg4 4. e3 Nbd7 5. Be2 h6 6. Nbd2 Nh5 7. Bg3 Nxg3 8.
hxg3 c6 9. Nh4 Bxe2 10. Qxe2 e6 11. O-O-O Qc7 12. Kb1 O-O-O 13. c4 Kb8 14. Rc1
d5 15. cxd5 exd5 16. Nb3 h5 17. Nf3 Be7 18. Ne1 g6 19. Nd3 Rhe8 20. Qc2 Ka8 21.
Nbc5 Nxc5 22. Nxc5 Rc8 23. Qb3 Red8 24. Nd3 Bd6 25. Rc2 Rh8 26. Nc5 Qe7 27. Qd3
f5 28. Rcc1 h4 29. Rxh4 Rxh4 30. gxh4 Qxh4 31. g3 Qh2 32. Qf1 Rh8 33. a3 g5 34.
Qg1 Qh7 35. Ka2 f4 36. gxf4 gxf4 37. Qg4 fxe3 38. fxe3 Re8 39. Rf1 Qe7 40. Nb3
Qc7 41. Rf3 a5 42. Qg6 Rd8 43. Rf7 Qb6 44. Qf6 a4 45. Nc5 Bxc5 46. dxc5 Qb3+
47. Kb1 Re8 48. Rf8 Qxe3 49. Rxe8+ Qxe8 50. Ka2 Ka7 51. Qc3 Qe2 52. Kb1 Ka6 53.
Qh8 Qf1+ 54. Kc2 Qc4+ 55. Kb1 Qxc5 56. Qa8+ Qa7 57. Qe8 Qb6 58. Qa8+ Kb5 59.
Qf8 Qg1+ 60. Ka2 Qd4 61. Qe7 b6 62. Ka1 Qe4 63. Qd6 Qc4 64. Qe5 Qd3 65. Qd6
Qd1+ 66. Ka2 c5 67. Qd7+ Kc4 68. Qf7 Qb3+ 69. Ka1 Qe3 70. Qf1+ Qd3 71. Qc1+ Kb3
72. Qe1 b5 73. Qh1 b4 74. axb4 a3 0-1

[Event "Open Letni Praha 2017 - A"]
[Site "Praha"]
[Date "2017.08.05"]
[Round "2"]
[White "Hollan, Petr"]
[Black "Knight, David"]
[Result "1-0"]
[WhiteElo "2273"]
[BlackElo "1932"]
[PlyCount "79"]
[EventDate "2017.08.04"]

1. d4 d5 2. c4 e5 3. dxe5 d4 4. Nf3 Nc6 5. g3 Bg4 6. Bg2 Qd7 7. Nbd2 O-O-O 8.
h3 Bf5 9. a3 Nge7 10. Qa4 Kb8 11. g4 Be6 12. Nb3 Nc8 13. Nbd2 Nb6 14. Qc2 h5
15. g5 Bf5 16. Qd1 d3 17. e3 h4 18. b4 f6 19. exf6 gxf6 20. Bb2 Rg8 21. Bxf6
Be7 22. Ne5 Nxe5 23. Bxe5 Rxg5 24. Qf3 Qc8 25. Bf4 Rg6 26. Bf1 Qe6 27. Bg2 Qc8
28. Rh2 Ka8 29. Bf1 Rg1 30. Rg2 Rh1 31. Rg7 Rxf1+ 32. Kxf1 Bxh3+ 33. Kg1 Qe6
34. Kh2 Bf5 35. Rag1 Nd7 36. Qd5 Qf6 37. Rf7 Qb2 38. Qxf5 Qxd2 39. Rxe7 h3 40.
Bg3 1-0